| 000 | 01544cam a2200445 a 4500 | ||
|---|---|---|---|
| 001 | 21573 | ||
| 003 | VRT | ||
| 005 | 20260305133235.0 | ||
| 008 | 040720s2001 xr af ar 0000j slo | ||
| 020 |
_a807186563X _q(viaz.) |
||
| 039 | 9 |
_a202507280833 _bmsnk160 _c202507280829 _dmsnk160 _c202507280828 _dmsnk160 _c202507280827 _dmsnk160 |
|
| 040 |
_aSNK _bslo _cSNK _eAACR2 |
||
| 041 | 1 |
_aslo _heng |
|
| 043 | _ar------ | ||
| 044 |
_axr _cCZ |
||
| 072 | 7 |
_a821.111(73)-3 _xAmerická próza _2konspekt |
|
| 072 | 7 |
_a821-93 _xLiteratúra pre deti a mládež (beletria) _2konspekt |
|
| 080 |
_a821.111(73)-34 _22011 |
||
| 080 |
_a82-34:808.1 _22011 |
||
| 080 |
_a(0.025.2) _22011 |
||
| 080 |
_a82-93-053.4/.5 _22011 |
||
| 080 |
_a398.332.416 _22011 |
||
| 080 |
_a(160.27-17) _22011 |
||
| 100 | 1 |
_aDisney, Walt, _d1901-1966 _4aut _4ill |
|
| 245 | 1 | 0 |
_aVianoce na Severnom póle _cWalt Disney |
| 260 |
_aPraha _bEgmont ČR, s.r.o _c2001 |
||
| 300 |
_a41 nečíslovaných strán _bfareb. ilustr. _c24 cm |
||
| 500 | _aPreložené z angličtiny | ||
| 500 | _aIlustrované predsádky a titulná strana | ||
| 650 | 7 |
_aautorské rozprávky _2SNKPH |
|
| 650 | 0 | 7 |
_aVianoce _2SNKPH |
| 651 | 7 |
_ageografický severný pól Zeme _2SNKPHgeo |
|
| 655 | 7 |
_aamerické rozprávky _2SNKPH |
|
| 655 | 7 |
_aliteratúra pre deti _2SNKPH |
|
| 655 | 7 |
_ailustrované publikácie _2SNKPH |
|
| 942 |
_2ddc _cKLDO _n0 |
||
| 949 |
_617A1448073 _asnkSC 193451 _bsnk2021/8928 _o80/21 - em |
||
| 999 |
_c21573 _d21573 |
||